Stealing shadows

Bibliographic Details
Main Author: Hooper, Kay
Format: Book
Published: New York : Bantam Books , 2000
Subjects:

MARC

LEADER 00000cam a2200000 7i4500
001 0000008038
005 20070920.0
008 070910
020 |a 0553575538 
090 0 0 |a HOO   |b ENG 
100 1 |a Hooper, Kay 
245 1 0 |a Stealing shadows   |c Kay Hooper 
260 |a New York :   |b Bantam Books ,   |c 2000 
650 0 |a English fiction 
999 |a 0000992238   |b Book   |c Adult Collection   |e Perbadanan Perpustakaan Awam Johor 
999 |a 0000992239   |b Book   |c Adult Collection   |e Perbadanan Perpustakaan Awam Johor